| 000 | 00915nam a22002417a 4500 | ||
|---|---|---|---|
| 005 | 20211105120739.0 | ||
| 008 | 131212s2004 xxua frn 001 0deng | ||
| 020 | _a0761988734 | ||
| 040 |
_aCO-BoUCM _cAngélica Rojas _dAldemar Mondragón _bspa |
||
| 041 | 0 | 0 | _aeng |
| 245 | 0 | 4 |
_aThe new era of terrorism _cGus Martin, editor |
| 260 |
_aThousand Oaks (California, Estados Unidos) _bSage Publications _c2004 |
||
| 300 |
_axi, 291 páginas _bilustraciones |
||
| 504 | _aIncluye referencias bibliográficas e índices | ||
| 650 | 7 |
_aTerrorismo _925425 |
|
| 650 | 7 |
_aViolencia política _926287 |
|
| 650 | 7 |
_aViolencia _9422 |
|
| 690 |
_aSociología _9386 |
||
| 700 | 1 |
_aMartin, Gus _eeditor _947392 |
|
| 856 | 4 | 1 |
_3Consulte las tablas de contenido haciendo clic aquí _uhttp://www.loc.gov/catdir/toc/ecip0412/2003026839.html |
| 942 |
_a5 _cLIBRO _e1 _mN532 _2DEWEY _h303.625 |
||
| 999 |
_c181082 _d181082 |
||